Triangles de Types - Pokémon - Statistiques

Statistiques générales
  • Ce quiz a été pris 203 fois
  • Le résultat moyen est 13 sur 14
Statistiques - réponses
Hint Réponse Réponse Réponse % Correct
1er triangle Plante Feu Eau
100%
2e triangle Combat Psy Ténèbres
98%
13e triangle Dragon Dragon Dragon
98%
10e triangle Eau Sol Elektrik
98%
11e triangle Feu Glace Sol
98%
14e triangle Spectre Spectre Spectre
98%
12e triangle Acier Glace Sol
90%
3e triangle Fée Combat Acier
89%
4e triangle Roche Vol Plante
89%
5e triangle Roche Insecte Plante
89%
6e triangle Roche Glace Plante
89%
7e triangle Roche Feu Plante
89%
8e triangle Poison Psy Insecte
70%
9e triangle Poison Plante Sol
70%
Aucun quiz correspondant
Distribution des résultats
% des personnes avec chaque résultat
Percentile par nombre de réponses
Votre historique - résultats
Vous n’avez pas pris ce quiz